• 首页
  • 本馆介绍
  • 公告通知
  • 最新文献
  • 馆藏检索
  • 电子资源
  • 读者导购
  • 参考咨询
  • 我的图书馆
  • 登录
  • 详细信息显示
  • 放入我的书架
  • 预约/预借图书
  • 作者相关作品
  • 分类相关作品
  • 丛书相关作品
  • 出版社相关作品

书目信息

  • 表格格式
  • 工作单格式
  • 卡片格式
书名: The communicative approach to language teaching
作者: C. J. Brumfit and K. Johnson.
分册号:
分册名:
出版地: Oxford :
 
出版社: Oxford University Press
出版时间: 1979.
页数: viii, 243 p. :
开本: 22 cm.
丛书名:
中图分类号:
科图分类号:
其他分类号: H319.3
主题词:
电子资源:
000 00851nam 2200265 i 4500
001 E0732804432
005 20070227090659.81
008 830316s1979 enka b 00110 eng
010    @a80502701
020    @a019437078X (pbk.).
035    @a0313-01860
050 00 @aP53@b.B79
090    @aJ680.33/W36
090    @aH319.3
099    @dH319.3@ex22
100 1  @aBrumfit, Christopher.
245 14 @aThe communicative approach to language teaching / @cC. J. Brumfit and K. Johnson.
260    @aOxford :@bOxford University Press,@c1979.
300    @aviii, 243 p. :@bill. ;@c22 cm.
500    @aIncludes index.
504    @aBibliography: p. [227]-238.
650  0 @aEnglish language@xStudy and teaching.
650  0 @aCommunicative competence.
650  0 @aLanguage and languages@xStudy and teaching.
700 1  @aJohnson, K.
    
    The communicative approach to language teaching / / C. J. Brumfit and K. Johnson.-Oxford : : Oxford University Press, , 1979.
    viii, 243 p. : : ill. ; ; 22 cm.
    Includes index.-Bibliography: p. [227]-238.
    
    ISBN 019437078X (pbk.).
    
●
相关链接 在E读中查询图书 在五车中查询图书 在当当中查询图书 在豆瓣中查询图书


正题名:communicative approach to language teaching     索取号:H319.3/x22         预约/预借

序号 登录号 条形码 馆藏地/架位号 状态 备注
1 116498   001194914   第四借阅区/ [索取号:H319.3/x22] 在馆    
唐山师范学院图书馆 欢迎您!
大连网信软件有限公司© 版权所有